Leisure and cultural conflict in twentieth-century Britain /

Bibliographic Details
Other Authors: Bebber, Brett
Format: Book
Language:English
Published: Manchester, U.K. ; New York : Manchester University Press, 2012.
Series:Studies in popular culture (Manchester, England)
Subjects:

MARC

Tag First Indicator Second Indicator Subfields
LEADER 00000cam a2200000Ia 4500
001 in00002782812
005 20150922150305.0
008 120421s2012 enka b 001 0 eng d
016 7 |a 016067938  |2 Uk 
020 |a 9780719087042 (hbk.) 
020 |a 071908704X (hbk.) 
029 1 |a AU@  |b 000049792782 
035 |a (OCoLC)ocn788290544 
035 |a (OCoLC)788290544 
040 |a BTCTA  |b eng  |c BTCTA  |d UKMGB  |d YDXCP  |d YNK  |d SINLB  |d YOU  |d CDX  |d NYP  |d UtOrBLW 
043 |a e-uk--- 
049 |a TXAM 
050 4 |a GV75  |b .L47 2012 
082 0 4 |a 790.10941  |2 23 
245 0 0 |a Leisure and cultural conflict in twentieth-century Britain /  |c edited by Brett Bebber. 
264 1 |a Manchester, U.K. ;  |a New York :  |b Manchester University Press,  |c 2012. 
300 |a xii, 210 pages :  |b illustrations ;  |c 24 cm. 
336 |a text  |b txt  |2 rdacontent 
337 |a unmediated  |b n  |2 rdamedia 
338 |a volume  |b nc  |2 rdacarrier 
490 1 |a Studies in popular culture 
504 |a Includes bibliographical references and index. 
650 0 |a Leisure  |z Great Britain  |x History. 
650 0 |a Leisure  |x Social aspects  |z Great Britain  |x History. 
700 1 |a Bebber, Brett. 
830 0 |a Studies in popular culture (Manchester, England) 
938 |a Baker and Taylor  |b BTCP  |n BK0011116336 
938 |a YBP Library Services  |b YANK  |n 7285930 
938 |a YBP Library Services UK  |b YBPK  |n 7285930 
938 |a Coutts Information Services  |b COUT  |n 20344477 
947 |a A14835931411 
945 |a PromptCat  |b 108308 
946 |a stk 
994 |a 92  |b TXA 
948 |a Cataloged  |b h  |c 2012/11/30  |d c  |e EGrant 
999 |a MARS 
999 f f |s 9a1c33ff-7393-318c-8b0f-e20944197709  |i b1316ec4-e29a-374c-8db2-be8f020b61b6  |t 0 
952 f f |p noncirc  |a Texas A&M University  |b J.J. Pickle Campus  |c High Density Repository  |d Remote Storage  |t 0  |e GV75 .L47 2012  |h Library of Congress classification  |i unmediated -- volume  |m A14835931411 
998 f f |a GV75 .L47 2012  |t 0  |l Remote Storage